01771nam a2200349 i 450000100060000000300100000600500170001600700030003300800410003602000180007704000350009504100080013004300120013808400060015010000390015624500870019525000550028226400700033730000620040733600270046933700330049633800280052949000560055750001340061352004160074752100620116365000450122565000390127065000360130965000330134570000430137860729CO-BoRNBP20260317165551.0ta210817r20222000mx a br 000 f spa d a9789681662813 aCO-BoRNBPbspaerdacCO-BoRNBP0 aspa an-mx--- aN1 aHinojosa, Francisco,d1954- ,eaut10aBuscalacranes /cFrancisco Hinojosa ; ilustraciones de Rafael Barajas El Fisgón. aPrimera edición.bDécimo tercera reimpresión 1aMéxico :bEditorial Fondo de Cultura Económica,c2000,c2022. a90 páginas :bilustraciones en blanco y negro ;c19 cm. atextobtxt2rdacontent asin mediaciónbn2rdamedia avolumenbnc2rdacarrier0 aA la orilla del vientoaPara los que leen bienv140 aEl material de la dotación PNLB 2022, corresponde a la décimo tercera reimpresión de 2022, de la primera edición de 2000.1 a¡Urgente! Se solicitan buscalacranes. Experiencia mínima, indispensable que pesen más de cuarenta kilos. Leidi, Juliana y Sancho no reunían ninguna de las condiciones, pero eran los mejores cazabichos, por lo que respondieron al anuncio para ayudar al doctor Östengruff en la búsqueda de un contraveneno para la bampacrisis, y así evitar que hiciera ¡bamp!… y se esfumara. (Tomado de la fuente).1 aRecomendado para un público infantil mayor de 8 años.17aNovela infantil MexicanaySiglo XX2rnbp17aLiteratura infantil mexicana2rnbp17aAnimales en la literatura2rnbp17aHistorias de aventuras2lemb1 aBarajas Durán, Rafael,d1956- ,eill